000 00615cab a2200193 4500
001 WB2610-05
008 090401t1990 xxu||||| |||| 00| 0 eng d
035 _a(Sirsi) u3332
041 _aeng
245 _aForeign investment cheers London market
260 _c1990
350 _a0
490 _aFinancial Times
_v6/3/90 p9
520 _aReports on how the present sharp increase in foreign investment , mainly by Japan and Sweden , in commercial property in London is keeping the capital`s market buoyant.
650 _aOFFICES
690 _aPROPERTY-COMMERCIAL PROPERTY
942 _n0
948 _c04/03/1997
999 _c2040
_d2040